| 000 | 00000nam##2200000za#4500 |
| 001 | 9.531927 |
| 003 | CaOODSP |
| 005 | 20200327085809 |
| 007 | ta |
| 008 | 150406|1999||||xxc||||| f|0| 0 fre|d |
| 020 | |a0-662-64203-1 |
| 040 | |aCaOODSP|bfre |
| 041 | |aeng |
| 041 | |afre |
| 043 | |an-cn--- |
| 086 | 1 |aC21-25/7-1999 |
| 110 | 1 |aCanada.|bIndustrie Canada. |bDirection de l'analyse micro-économique. |
| 245 | 10|aConséquences des restrictions à la propriété étrangère pour l'économie canadienne: une analyse sectorielle / |cpar Steven Globerman. |
| 260 | |aOttawa - Ontario : |bIndustrie Canada. |c1999. |
| 300 | |aTexte français, 41p. : |c28 cm. |
| 490 | 1 |aDocument de discussion|v7 |
| 500 | |a«Cette étude vise à évaluer les conséquences sectorielles des restrictions à la propriété étrangère au Canada. L'évaluation se fonde en bonne partie sur un examen de la documentation disponible, bien qu'elle comporte aussi une analyse théorique originale.»--Introduction. |
| 504 | |aBibliographie. |
| 520 | 3 |aCette étude vise à évaluer les conséquences sectorielles des restrictions à la propriété étrangère au Canada. L'évaluation se fonde en bonne partie sur un examen de la documentation disponible, bien qu'elle comporte aussi une analyse théorique originale.--Introduction |
| 546 | |aBilingue |
| 563 | |aCouverture souple |
| 590 | |a99-47|b1999-11-26 |
| 691 | 07|aInvestissement étranger|2gcpds |
| 691 | 07|aPolitique étrangère|2gcpds |
| 691 | 07|aConditions économiques|2gcpds |
| 720 | 1 |aHardi, Peter |
| 776 | 0#|tImplications of foreign ownership restrictions for the Canadian economy |w(CaOODSP)9.571967 |
| 776 | 0#|tConséquences des restrictions à la propriété étrangère pour l'économie canadienne |w(CaOODSP)9.602387 |
| 791 | |tImplications of foreign ownership restrictions for the Canadian economy: a sectoral analysis / |eeng|w(CaOODSP)9.531926 |
| 830 | #0|aDocument de discussion ;|v7|w(CaOODSP)9.509055 |